[Event "11th European Senior"]
[Site "Courmayeur ITA"]
[Date "2011.04.09"]
[Round "4.11"]
[White "Lederman, Leon"]
[Black "Kierzek, Matthias, Dr."]
[Result "1-0"]
[WhiteTitle "IM"]
[WhiteElo "2266"]
[BlackElo "2135"]
[WhiteFideId "2800403"]
[BlackFideId "4647009"]
[EventDate "2011.04.06"]

1. e4 c6 2. d4 d5 3. Nc3 dxe4 4. Nxe4 Bf5 5. Ng3 Bg6 6. h4 h6 7. Nf3 Nd7 8. h5
Bh7 9. Bd3 Bxd3 10. Qxd3 e6 11. Bd2 Ngf6 12. O-O-O Be7 13. Qe2 c5 14. dxc5 Bxc5
15. Bc3 Qb6 16. Ne4 Be7 17. Nxf6+ Bxf6 18. Bxf6 Nxf6 19. g4 Nxg4 20. Rhg1 f5 21.
Ne5 O-O 22. Nxg4 fxg4 23. Qxg4 Rf7 24. Rg2 Qa5 25. Qxe6 Qxh5 26. Rdg1 Kf8 27.
Qd6+ Kg8 28. Qd4 g5 29. f4 Rg7 30. fxg5 hxg5 31. Qc5 Rf8 32. Rxg5 Rf1+ 33. Rxf1
Qxg5+ 34. Qxg5 Rxg5 35. Kd2 Rg2+ 36. Kd3 Rg3+ 37. Kc4 Rg4+ 38. Kb3 Rg6 39. c4
Rg3+ 40. Kb4 Rg2 41. Ka3 Rg3+ 42. b3 Rg2 43. Rf5 Rg7 44. Kb4 Rf7 45. Ra5 a6 46.
Re5 b6 47. Re6 Rb7 48. Re8+ Kf7 49. Ra8 1-0

[Event "11th European Senior"]
[Site "Courmayeur ITA"]
[Date "2011.04.09"]
[Round "4.12"]
[White "Thieme, Hans"]
[Black "Peretz, Malkiel"]
[Result "1/2-1/2"]
[BlackTitle "FM"]
[WhiteElo "2101"]
[BlackElo "2255"]
[WhiteFideId "24612561"]
[BlackFideId "2800446"]
[EventDate "2011.04.06"]

1. e4 c5 2. Nf3 Nc6 3. Bb5 g6 4. c3 Bg7 5. d4 cxd4 6. cxd4 Qb6 7. Nc3 e6 8. Be3
Nge7 9. Qd2 d5 10. O-O O-O 11. exd5 Nxd5 12. Nxd5 exd5 13. Bxc6 bxc6 14. Bh6 Re8
15. Bxg7 Kxg7 16. Rfe1 Bf5 17. Qc3 Rab8 18. b3 Be4 19. Nd2 Bf5 20. Nf3 Re4 21.
Nd2 Rxe1+ 22. Rxe1 Qb4 23. Qe3 Qd6 24. Nf3 Bd7 25. Qc3 Re8 26. Rxe8 Bxe8 27. Qe3
Bd7 28. h3 f6 29. Nd2 Bf5 30. Qc3 g5 31. Qa5 Qe7 32. Nf1 h5 33. Qa6 Qc7 34. Ne3
Bc8 35. Qa3 Kf7 36. Qc5 Qb6 37. Qc3 a5 38. Qd3 Kg7 39. Qc3 Bd7 40. Nf1 Qb4 41.
Qe3 Kf8 42. Nh2 Bf5 43. g4 hxg4 44. Nxg4 Bxg4 45. hxg4 c5 46. dxc5 Qxg4+ 47. Kf1
Qd1+ 48. Kg2 Qg4+ 49. Kf1 Qd1+ 50. Kg2 1/2-1/2

[Event "11th European Senior"]
[Site "Courmayeur ITA"]
[Date "2011.04.09"]
[Round "4.14"]
[White "Khmiadashvili, Tamar"]
[Black "Antonelli, Fabrizio"]
[Result "1-0"]
[WhiteTitle "WGM"]
[WhiteElo "2194"]
[BlackElo "2100"]
[WhiteFideId "13600346"]
[BlackFideId "815101"]
[EventDate "2011.04.06"]

1. d4 Nf6 2. c3 g6 3. Bf4 Bg7 4. Nd2 O-O 5. h4 h5 6. e4 d6 7. Be2 Nc6 8. Ngf3
Bg4 9. d5 e5 10. Be3 Ne7 11. Ng5 Bxe2 12. Qxe2 Ng4 13. Nf1 Nxe3 14. Nxe3 c6 15.
g4 hxg4 16. O-O-O cxd5 17. exd5 Nf5 18. Qxg4 Nxe3 19. fxe3 Bh6 20. Qg3 Kg7 21.
Kb1 Qe7 22. Ne4 f5 23. Rhg1 Rf6 24. Nxf6 Qxf6 25. Rdf1 f4 26. Qg4 Rf8 27. h5 g5
28. e4 Qe7 29. c4 Rf6 30. Rf3 Qc7 31. Rc1 b6 32. b4 Qb7 33. Rb3 Qf7 34. Rcc3 Qe7
35. c5 dxc5 36. bxc5 bxc5 37. Qc8 Qf8 38. Qg4 Kh8 39. Kb2 c4 40. Rxc4 f3 41. Rc8
f2 42. Rxf8+ Bxf8 43. Rf3 Rxf3 44. Qxf3 1-0

[Event "11th European Senior"]
[Site "Courmayeur ITA"]
[Date "2011.04.09"]
[Round "4.15"]
[White "Muratoglu, Salih"]
[Black "Estrada Martinez, Cesar"]
[Result "0-1"]
[WhiteElo "2076"]
[BlackElo "2193"]
[WhiteFideId "6300570"]
[BlackFideId "2210649"]
[EventDate "2011.04.06"]

1. d4 Nf6 2. c4 c5 3. e3 e6 4. Nf3 d5 5. dxc5 Bxc5 6. a3 O-O 7. b4 Be7 8. Bb2 a5
9. b5 Nbd7 10. Qc2 b6 11. cxd5 exd5 12. Nd4 Bb7 13. Bd3 Rc8 14. Qe2 Nc5 15. Bf5
Rc7 16. Nc3 Bd6 17. O-O Qe7 18. Qf3 Nce4 19. Bxe4 dxe4 20. Qe2 Qe5 21. g3 Bc8
22. Nc6 Qg5 23. Qd2 Bc5 24. Na4 Bg4 25. Nxc5 Qxc5 26. Bxf6 gxf6 27. Nd4 Qh5 28.
Rfc1 Rd7 29. Qe1 Rfd8 30. Rc6 Rd6 31. Rac1 Bh3 32. Rxd6 Rxd6 33. Qe2 Bg4 34. Qc4
Rd8 35. h4 Rc8 36. Qf1 Rc5 37. a4 Qd5 38. Rxc5 Qxc5 39. Qb1 f5 40. Qc2 Qxc2 41.
Nxc2 Bd1 42. Nd4 Bxa4 43. Kf1 Kf8 44. Ke2 Ke7 45. Nxf5+ Ke6 46. Nd4+ Kd5 47. g4
Kc5 48. Kd2 Bxb5 49. Kc3 Bd7 50. g5 b5 51. Nb3+ Kb6 52. Kd4 a4 53. Na1 b4 54.
Kc4 Ka5 55. Nc2 Be6+ 56. Kc5 b3 57. Na3 b2 58. Kd6 Kb4 59. Nc2+ Kc3 60. Na3 Kb3
61. Nb1 a3 0-1

[Event "11th European Senior"]
[Site "Courmayeur ITA"]
[Date "2011.04.09"]
[Round "4.16"]
[White "Sinelnikov, Igor"]
[Black "Bayer, Wolfgang"]
[Result "1-0"]
[WhiteElo "2190"]
[BlackElo "2073"]
[WhiteFideId "4145356"]
[BlackFideId "24629251"]
[EventDate "2011.04.06"]

1. e4 c5 2. Nc3 Nc6 3. g3 g6 4. Bg2 Bg7 5. Nge2 e6 6. d3 Nge7 7. Be3 d6 8. O-O
O-O 9. Qd2 Nd4 10. f4 Rb8 11. g4 f5 12. gxf5 exf5 13. Ng3 b5 14. Nd1 d5 15. c3
Ne6 16. exf5 Nxf5 17. Nxf5 Rxf5 18. Bh3 Rh5 19. Bxe6+ Bxe6 20. Bxc5 Bh3 21. Re1
Qc8 22. Qe3 Bh6 23. Nf2 Bf5 24. Bd6 Rb6 25. Qe8+ Qxe8 26. Rxe8+ Kf7 27. Rd8 Be6
28. Re1 Rh4 29. Kg2 Bxf4 30. Rf8+ Kg7 31. Rxf4 Rxf4 32. Bxf4 b4 33. Be3 Rb7 34.
cxb4 Kf7 35. Bc5 a5 36. bxa5 Rxb2 37. a6 Rxa2 38. a7 h5 39. Rb1 d4 40. Rb7+ Kf6
41. Bxd4+ Kf5 42. Rb5+ Kf4 43. Re5 Bg4 44. Re4+ Kg5 45. Re8 Bd7 46. a8=Q Rxa8
47. Rxa8 1-0

[Event "11th European Senior"]
[Site "Courmayeur ITA"]
[Date "2011.04.09"]
[Round "4.17"]
[White "Jackson, Oliver A"]
[Black "Capece, Adolivio"]
[Result "1-0"]
[WhiteElo "2186"]
[BlackElo "2049"]
[WhiteFideId "403156"]
[BlackFideId "807664"]
[EventDate "2011.04.06"]

1. e4 c5 2. Nc3 Nc6 3. f4 g6 4. Nf3 Bg7 5. Bb5 Nd4 6. O-O a6 7. Bd3 e6 8. Nxd4
cxd4 9. Ne2 Ne7 10. b3 d6 11. Bb2 Nc6 12. Kh1 O-O 13. Qe1 Qe7 14. Qf2 e5 15. f5
Bh6 16. f6 Qd7 17. Qh4 Bxd2 18. Bc1 Bxc1 19. Raxc1 Nd8 20. Qh6 Ne6 21. Rf3 1-0

[Event "11th European Senior"]
[Site "Courmayeur ITA"]
[Date "2011.04.09"]
[Round "4.18"]
[White "Iudicello, Giovanni"]
[Black "Kierzek, Mira"]
[Result "1-0"]
[BlackTitle "WFM"]
[WhiteElo "2180"]
[BlackElo "2044"]
[WhiteFideId "804738"]
[BlackFideId "15002110"]
[EventDate "2011.04.06"]

1. e4 c5 2. Nf3 e6 3. d4 cxd4 4. Nxd4 a6 5. Bd3 Nf6 6. Nc3 Qc7 7. O-O b5 8. Kh1
Bb7 9. Qe2 d6 10. Bg5 Be7 11. Rad1 Nbd7 12. f4 Qb6 13. e5 dxe5 14. fxe5 Nd5 15.
Nxd5 Bxd5 16. Bxe7 Kxe7 17. Qf2 Raf8 18. b3 Qc7 19. c4 bxc4 20. bxc4 Ba8 21.
Qh4+ Ke8 22. Be4 g5 23. Qe1 Bxe4 24. Qxe4 Qxe5 25. Qa8+ Qb8 26. Qxa6 Qb6 27.
Qc8+ Qd8 28. Qc6 Qb6 29. Qa4 h5 30. Nxe6 1-0

[Event "11th European Senior"]
[Site "Courmayeur ITA"]
[Date "2011.04.09"]
[Round "4.20"]
[White "Schwertel, Johann"]
[Black "Zhelesny, Stanislav"]
[Result "1/2-1/2"]
[BlackTitle "FM"]
[WhiteElo "2026"]
[BlackElo "2172"]
[WhiteFideId "4646487"]
[BlackFideId "4115244"]
[EventDate "2011.04.06"]

1. d4 Nf6 2. Nf3 g6 3. Nbd2 d5 4. Ne5 Bg7 5. g3 Nbd7 6. Nxd7 Bxd7 7. Bg2 Qc8 8.
O-O Bh3 9. Nb3 O-O 10. c3 c6 11. Bf4 Bxg2 12. Kxg2 Nh5 13. Qd2 Nxf4+ 14. Qxf4 e5
15. dxe5 Re8 16. Rfe1 Rxe5 17. e4 Qe6 18. exd5 Qxd5+ 19. Qf3 1/2-1/2

[Event "11th European Senior"]
[Site "Courmayeur ITA"]
[Date "2011.04.09"]
[Round "4.21"]
[White "Chireykina, Natalia"]
[Black "Barlocco, Carlo"]
[Result "1-0"]
[BlackTitle "FM"]
[WhiteElo "1831"]
[BlackElo "2162"]
[WhiteFideId "24132136"]
[BlackFideId "802450"]
[EventDate "2011.04.06"]

1. e4 c5 2. Nf3 Nc6 3. d4 cxd4 4. Nxd4 e5 5. Nb5 d6 6. N1c3 a6 7. Na3 b5 8. Nd5
f5 9. Qh5+ g6 10. Qf3 b4 11. Nc4 Nd4 12. Qd1 Nf6 13. Bg5 Be7 14. Nxb4 Nxe4 15.
Bxe7 Qxe7 16. c3 a5 17. Nd5 Qb7 18. Ndb6 Ra6 19. Nxc8 Nb5 20. N4xd6+ Nexd6 21.
Nxd6+ Rxd6 22. Bxb5+ Ke7 23. Qe2 Qxg2 24. Rf1 Rhd8 25. f3 Qh3 26. Rf2 Qh4 27.
Kf1 Qf4 28. Re1 Rd5 29. c4 Rc5 30. Rd1 Rcc8 31. a3 Rxd1+ 32. Qxd1 Rd8 33. Qc2
Qe3 34. c5 Kf6 35. c6 Qb6 36. a4 h5 37. Rd2 Rc8 38. Rd6+ Kg5 39. Qg2+ Kf4 40.
Qg3+ Ke3 41. Rd3# 1-0

[Event "11th European Senior"]
[Site "Courmayeur ITA"]
[Date "2011.04.09"]
[Round "4.22"]
[White "Hohler, Peter"]
[Black "Theting, Helge E."]
[Result "1-0"]
[WhiteTitle "FM"]
[WhiteElo "2144"]
[BlackElo "2016"]
[WhiteFideId "1300296"]
[BlackFideId "1501275"]
[EventDate "2011.04.06"]

1. d4 g6 2. c4 Bg7 3. Nc3 d6 4. e4 Nc6 5. d5 Nd4 6. Be3 c5 7. Nge2 Qb6 8. Rb1 a5
9. h3 Bd7 10. Ng3 h5 11. Bd3 Nf6 12. O-O Qd8 13. f4 Qc8 14. e5 Bxh3 15. exf6
Bxf6 16. Nge4 Bg7 17. gxh3 Qxh3 18. Qe1 Nf5 19. Nxd6+ Nxd6 20. Qf2 b6 21. Qf3
Qd7 22. Kg2 Rg8 23. Qh3 f5 24. Kh1 Bf6 25. Bf2 h4 26. Rg1 O-O-O 27. Rbe1 Nf7 28.
Bc2 Nd6 29. Re6 Nxc4 30. Ba4 Qb7 31. Bc6 Qb8 32. Qf3 Nd6 33. Qe2 c4 34. Na4 b5
35. Nb6+ Kc7 36. Rxe7+ 1-0

[Event "11th European Senior"]
[Site "Courmayeur ITA"]
[Date "2011.04.09"]
[Round "4.23"]
[White "Weisenburger, Horst"]
[Black "Vrhovnik, Damir"]
[Result "1-0"]
[WhiteElo "2179"]
[BlackElo "2063"]
[WhiteFideId "4654536"]
[BlackFideId "14526956"]
[EventDate "2011.04.06"]

1. f4 Nf6 2. Nf3 d5 3. g3 g6 4. Bg2 Bg7 5. d3 c5 6. O-O O-O 7. Qe1 Nc6 8. e4
dxe4 9. dxe4 e5 10. Nc3 Nd4 11. fxe5 Ng4 12. Nxd4 cxd4 13. Nd5 Nxe5 14. Kh1 Be6
15. Bf4 Rc8 16. Qd2 Nc4 17. Qb4 Bxd5 18. exd5 Ne3 19. Bxe3 dxe3 20. c3 Qb6 21.
Qxb6 axb6 22. Rae1 Bh6 23. Rf6 Ra8 24. Rxb6 f5 25. Rxb7 f4 26. gxf4 Bxf4 27. d6
Ra6 28. Bd5+ Kh8 29. d7 g5 30. Kg2 Rd6 31. c4 Rh6 32. h3 g4 33. hxg4 e2 34. Bf3
Rh2+ 35. Kg1 Rh3 36. Rb3 Bc7 37. Rxe2 Rh6 38. c5 Rhf6 39. Kg2 h5 40. Re8 1-0

[Event "11th European Senior"]
[Site "Courmayeur ITA"]
[Date "2011.04.09"]
[Round "4.24"]
[White "Norman, Kenneth I"]
[Black "Levinsky, Gregory"]
[Result "1-0"]
[WhiteTitle "CM"]
[WhiteElo "2172"]
[BlackElo "2026"]
[WhiteFideId "402419"]
[BlackFideId "2805561"]
[EventDate "2011.04.06"]

1. Nf3 c5 2. c4 Nc6 3. d4 cxd4 4. Nxd4 g6 5. e4 Bg7 6. Be3 d6 7. Nc3 Nf6 8. Be2
O-O 9. O-O Bd7 10. Qd2 Ng4 11. Bxg4 Bxg4 12. f4 Bd7 13. Rad1 Nxd4 14. Bxd4 Bxd4+
15. Qxd4 Bc6 16. f5 f6 17. Nd5 Kg7 18. Nf4 Bd7 19. c5 g5 20. Nh5+ Kh8 21. cxd6
exd6 22. Qxd6 Bc6 23. Qxd8 Raxd8 24. Ng3 Rfe8 25. Kf2 Kg8 26. Ke3 Kf7 27. Rxd8
Rxd8 28. Rc1 Re8 29. Rc4 Re5 30. Ne2 h5 31. g3 Ke7 32. h4 Kf7 33. Ng1 gxh4 34.
gxh4 Re8 35. Nf3 a6 36. a4 Re7 37. a5 Re8 38. b4 Re7 39. Kf4 Kg7 40. Rd4 Rc7 41.
Rd6 Be8 42. e5 Rc4+ 43. Rd4 fxe5+ 44. Kxe5 Rc2 45. Ng5 Re2+ 46. Re4 Rf2 47. Ne6+
Kf7 48. Nf4 Bc6 49. Rd4 Rf1 50. Nxh5 Re1+ 51. Kf4 Rg1 52. Ng3 Kf6 53. h5 Rg2 54.
h6 Rh2 55. Rd6+ Kf7 56. Kg5 Rh3 57. Rf6+ Kg8 58. Kg4 Rh2 59. Rd6 Kh7 60. Kg5 Rg2
61. Rd3 Rh2 62. Nh5 Be8 63. Nf6+ 1-0

[Event "11th European Senior"]
[Site "Courmayeur ITA"]
[Date "2011.04.09"]
[Round "4.25"]
[White "Giani, Franco"]
[Black "Van Oosten, Arend"]
[Result "0-1"]
[WhiteElo "1960"]
[BlackElo "2170"]
[WhiteFideId "811238"]
[BlackFideId "1006053"]
[EventDate "2011.04.06"]

1. e3 f5 2. b3 Nf6 3. Bb2 e6 4. Nf3 Be7 5. c4 O-O 6. Be2 b6 7. O-O Bb7 8. d4 Qe8
9. Nc3 d6 10. h3 Nbd7 11. Nh2 e5 12. d5 Nc5 13. Nf3 Bc8 14. Qc2 Bd7 15. Nd2 Qg6
16. Kh1 Nce4 17. Bd3 Nxd2 18. Qxd2 Qh6 19. Be2 g5 20. Kg1 Rf7 21. f3 g4 22. fxg4
fxg4 23. hxg4 Raf8 24. Rad1 Nxg4 25. Bxg4 Bg5 26. Bc1 Rxf1+ 27. Rxf1 Rxf1+ 28.
Kxf1 Qh1+ 29. Ke2 Bxg4+ 30. Kd3 Bf5+ 31. Ne4 Qf1+ 32. Kc3 Bxe4 33. Kb4 a6 34.
Qb2 Bxg2 35. Qa3 Qe1+ 0-1

[Event "11th European Senior"]
[Site "Courmayeur ITA"]
[Date "2011.04.09"]
[Round "4.27"]
[White "Beltrami, Nerio"]
[Black "Bondick, Karl-Heinz"]
[Result "0-1"]
[WhiteElo "1956"]
[BlackElo "2155"]
[WhiteFideId "816191"]
[BlackFideId "4692071"]
[EventDate "2011.04.06"]

1. e4 e5 2. Nf3 f5 3. Nxe5 Nc6 4. Nxc6 dxc6 5. Nc3 Nf6 6. e5 Ng4 7. d4 c5 8. d5
Nxe5 9. Qe2 Kf7 10. Bf4 Ng6 11. Qh5 Bd6 12. Bg5 Re8+ 13. Be2 Be7 14. Bxe7 Qxe7
15. O-O-O Kg8 16. g3 a6 17. Bd3 Qf6 18. g4 fxg4 19. f3 Re5 20. Bxg6 Rxh5 21.
Bxh5 Qg5+ 22. f4 Qxh5 23. Rde1 Bf5 0-1

[Event "11th European Senior"]
[Site "Courmayeur ITA"]
[Date "2011.04.09"]
[Round "4.28"]
[White "Valenti, Giuseppe"]
[Black "Cavatorta, Fosco"]
[Result "1-0"]
[WhiteTitle "FM"]
[WhiteElo "2143"]
[BlackElo "1914"]
[WhiteFideId "801119"]
[BlackFideId "809195"]
[EventDate "2011.04.06"]

1. f4 d6 2. Nf3 Nf6 3. b3 g6 4. Bb2 Bg7 5. e3 Bg4 6. Be2 O-O 7. O-O a5 8. a4 Na6
9. h3 Bd7 10. d4 Nd5 11. Qd2 Nf6 12. Qxa5 Nc5 13. Qe1 Nce4 14. Nbd2 c6 15. Nxe4
Nxe4 16. Nd2 Bf5 17. Bf3 Nxd2 18. Qxd2 d5 19. g4 Be4 20. Bxe4 dxe4 21. Qg2 Qd5
22. c4 Qe6 23. f5 gxf5 24. Rxf5 Qh6 25. g5 Qg6 26. Raf1 h6 27. h4 e6 28. R5f4
hxg5 29. hxg5 Ra5 30. c5 b5 31. Bc3 Ra6 32. a5 Ra7 33. b4 Rd8 34. Qxe4 Qxg5+ 35.
Rg4 Qd5 36. Qf4 Qh5 37. Rf3 f5 38. Rg5 Qf7 39. d5 Rxd5 40. Rxg7+ Qxg7+ 41. Bxg7
Rxg7+ 42. Rg3 1-0

[Event "11th European Senior"]
[Site "Courmayeur ITA"]
[Date "2011.04.09"]
[Round "4.30"]
[White "Belokopyt, Boris"]
[Black "Guillaumat, Jean-Pierre"]
[Result "1/2-1/2"]
[WhiteElo "2066"]
[BlackElo "1890"]
[WhiteFideId "4152530"]
[BlackFideId "620823"]
[EventDate "2011.04.06"]

1. e4 c5 2. Nf3 e6 3. d3 Nc6 4. g3 d5 5. Nbd2 Be7 6. Bg2 Nf6 7. O-O O-O 8. e5
Ne8 9. c3 f5 10. Nb3 d4 11. h4 Bd7 12. cxd4 cxd4 13. Nbxd4 Nc7 14. Bd2 Nd5 15.
Nxc6 Bxc6 16. Bg5 h6 17. Bxe7 Nxe7 18. Ne1 Qd4 19. Qe2 Rad8 20. Rd1 f4 21. Bxc6
Nxc6 22. Nf3 Qb6 23. a4 fxg3 1/2-1/2

[Event "11th European Senior"]
[Site "Courmayeur ITA"]
[Date "2011.04.09"]
[Round "4.31"]
[White "Pipitone, Antonio"]
[Black "Squarci, Franco"]
[Result "0-1"]
[WhiteElo "2012"]
[BlackElo "1777"]
[WhiteFideId "804541"]
[BlackFideId "809110"]
[EventDate "2011.04.06"]

1. e4 c5 2. Nf3 Nc6 3. d4 cxd4 4. Nxd4 g6 5. c4 Bg7 6. Be3 Nf6 7. Nc3 O-O 8. Be2
d6 9. h3 Bd7 10. O-O Rc8 11. f4 b6 12. Rc1 Nxd4 13. Bxd4 Bc6 14. Bf3 e6 15. b3
Re8 16. Be3 Rc7 17. Qd3 Rd7 18. Rcd1 Qa8 19. Rfe1 Red8 20. Bf2 Bh6 21. Bh4 Bg7
22. Qe3 Rc8 23. Rd3 Ne8 24. Red1 Qb8 25. a4 a6 26. e5 Bxf3 27. Qxf3 Qc7 28. Ne4
Qb7 0-1

[Event "11th European Senior"]
[Site "Courmayeur ITA"]
[Date "2011.04.09"]
[Round "4.32"]
[White "Diaz Begonte, Manuel"]
[Black "Gousseinov, Aguif"]
[Result "0-1"]
[WhiteElo "1778"]
[BlackElo "1979"]
[WhiteFideId "2262002"]
[BlackFideId "612480"]
[EventDate "2011.04.06"]

1. e4 e5 2. d4 exd4 3. f4 Nc6 4. Nf3 Bc5 5. a3 Qe7 6. Bd3 a5 7. O-O d6 8. Nbd2
Nf6 9. e5 dxe5 10. Nxe5 Nxe5 11. fxe5 Ng4 12. Nf3 O-O 13. Qe1 Ne3 14. Rf2 Bg4
15. Nxd4 Bxd4 16. Bxe3 Bxb2 17. Rb1 Qxe5 18. Rf4 f5 19. h3 Bh5 20. Qg3 Bg6 21.
h4 Rae8 22. Kf2 Re7 23. h5 Bxh5 24. Rxb2 Qxb2 25. Bd4 Qc1 26. Be3 Qxa3 27. Bxf5
Qxe3+ 28. Qxe3 Rxe3 29. Bh3 0-1

[Event "11th European Senior"]
[Site "Courmayeur ITA"]
[Date "2011.04.09"]
[Round "4.33"]
[White "Acunzo, Domenico"]
[Black "Kayaman, Metin"]
[Result "0-1"]
[WhiteElo "1769"]
[BlackElo "1973"]
[WhiteFideId "825751"]
[BlackFideId "6301185"]
[EventDate "2011.04.06"]

1. e4 e5 2. f4 exf4 3. Nf3 d6 4. d4 Nf6 5. Nc3 Be7 6. Bxf4 O-O 7. Qd2 c6 8. Bd3
Na6 9. a3 b5 10. O-O b4 11. Ne2 c5 12. Ng3 bxa3 13. bxa3 cxd4 14. Nxd4 Nc5 15.
Ndf5 Bxf5 16. Nxf5 Re8 17. Bg5 Ncxe4 18. Nxe7+ Rxe7 19. Qf4 Qb6+ 20. Kh1 Nxg5
21. Qxg5 Re5 22. Qg3 Qe3 23. Rf3 Qg5 24. Qxg5 Rxg5 25. Rb1 Re5 26. h3 Rae8 27.
Rb7 R5e7 28. Rb4 d5 29. Kh2 Ne4 30. Rf5 Nf6 31. Rbf4 Re5 32. Rxe5 Rxe5 33. Ra4
Re7 34. Ra5 g6 35. Ra6 Kg7 36. Ra4 Ne4 37. Ra5 Rd7 38. Rb5 f5 39. a4 Kf6 40. a5
Ke5 41. g3 Rc7 42. Kg2 Kd6 43. h4 Nc5 44. Be2 Rb7 45. Kf3 Rxb5 46. Bxb5 Ke5 47.
g4 Ne6 48. gxf5 Nd4+ 0-1

[Event "11th European Senior"]
[Site "Courmayeur ITA"]
[Date "2011.04.09"]
[Round "4.34"]
[White "Bardin, Christian"]
[Black "Bisignano, Giuseppe"]
[Result "0-1"]
[WhiteElo "1765"]
[BlackElo "1938"]
[WhiteFideId "638749"]
[BlackFideId "812358"]
[EventDate "2011.04.06"]

1. e4 e5 2. f4 exf4 3. Bc4 d5 4. Bxd5 Nf6 5. Bb3 Bc5 6. Nf3 Nxe4 7. d4 O-O 8.
O-O Bd6 9. Nbd2 Nxd2 10. Bxd2 Bg4 11. c3 Nc6 12. Qe1 Na5 13. Qf2 Nxb3 14. axb3
Qd7 15. Ne5 Bxe5 16. dxe5 f3 17. gxf3 Bxf3 18. Be3 Bc6 19. Bd4 Qd5 20. Qg3 g6
21. b4 b6 22. Rae1 Rae8 23. Rf4 f6 24. Ref1 f5 25. h4 Re6 26. Kh2 Kh8 27. Rg1 h6
28. Rf2 Rf7 29. Qe3 g5 30. Rgg2 f4 31. Qc1 Bd7 32. Qg1 c5 33. Be3 Qxe5 34. Bc1
f3+ 35. Rg3 gxh4 0-1

[Event "11th European Senior"]
[Site "Courmayeur ITA"]
[Date "2011.04.09"]
[Round "4.35"]
[White "Ivanov, Michail"]
[Black "D Aulisa, Francesco"]
[Result "0-1"]
[WhiteElo "1935"]
[BlackElo "1768"]
[WhiteFideId "4145224"]
[BlackFideId "821390"]
[EventDate "2011.04.06"]

1. e4 d6 2. Nf3 e6 3. Nc3 a6 4. d4 h6 5. Bd3 Nd7 6. O-O Ne7 7. Be3 b6 8. Qd2 Bb7
9. Ne1 e5 10. f4 Nc6 11. fxe5 dxe5 12. Bc4 Nf6 13. d5 Na7 14. Nf3 Qd6 15. Qe2
Nc8 16. Rad1 a5 17. Nxe5 Qxe5 18. Bd4 Bc5 19. Qf2 Bxd4 20. Rxd4 Ke7 21. d6+ cxd6
22. Rxd6 Nxd6 23. Nd5+ Bxd5 24. exd5 Qxh2+ 25. Kxh2 Ng4+ 26. Kg3 Nxf2 27. Rxf2
b5 28. Bd3 h5 29. b3 Rac8 30. c4 bxc4 31. Bxc4 g5 32. Re2+ Kf6 33. Rf2+ Kg7 34.
Rf5 f6 35. Rf2 Rhe8 36. Kf3 Re5 37. Rc2 Rxd5 0-1

[Event "11th European Senior"]
[Site "Courmayeur ITA"]
[Date "2011.04.09"]
[Round "4.36"]
[White "Norman, Dinah M"]
[Black "Maestri, Roberto"]
[Result "1-0"]
[WhiteTitle "WCM"]
[WhiteElo "1924"]
[BlackElo "1766"]
[WhiteFideId "402621"]
[BlackFideId "871354"]
[EventDate "2011.04.06"]

1. d4 Nf6 2. Nf3 g6 3. Bf4 Bg7 4. e3 O-O 5. Nbd2 Nc6 6. h3 d5 7. Be2 Bf5 8. c3
Re8 9. O-O e5 10. Nxe5 Nxe5 11. Bxe5 c6 12. Nf3 Qb6 13. Qb3 Qxb3 14. axb3 Ne4
15. Bxg7 Kxg7 16. b4 Re6 17. Nh4 Rf6 18. Nxf5+ Rxf5 19. Bd3 Rg5 20. f4 Rf5 21.
Ra5 Rf6 22. Bxe4 dxe4 23. Rfa1 a6 24. Re5 Re6 25. Rxe6 fxe6 26. Ra5 b5 27. Kf2
Kf6 28. Ra1 h5 29. Kg3 Kf5 30. Kh4 Kf6 31. g4 hxg4 32. hxg4 Rh8+ 33. Kg3 Ra8 34.
b3 Ra7 35. Ra5 Ra8 36. g5+ Kf5 37. Ra1 Ra7 38. Rh1 e5 39. fxe5 Kxg5 40. Rh4 Kf5
41. Rf4+ Ke6 42. Rf6+ Kd7 43. Rxg6 Ke8 44. Rxc6 Rf7 45. Rf6 Rg7+ 46. Kf4 Rg1 47.
Rxa6 Rf1+ 48. Kxe4 Rb1 49. Rc6 Rxb3 50. Rc5 Kd7 51. d5 Rb1 52. Rxb5 Rh1 53. Rb7+
Kc8 54. Rf7 Rc1 55. Kd4 Rd1+ 56. Kc4 Re1 57. Rf3 Kd7 58. b5 Ke7 59. Kc5 Ra1 60.
c4 1-0

[Event "11th European Senior"]
[Site "Courmayeur ITA"]
[Date "2011.04.09"]
[Round "4.37"]
[White "Catalfamo, Santo"]
[Black "Hlinschi, Mihai"]
[Result "1-0"]
[WhiteElo "1918"]
[BlackElo "1702"]
[WhiteFideId "866547"]
[BlackFideId "1206800"]
[EventDate "2011.04.06"]

1. e4 e5 2. d4 exd4 3. c3 d5 4. Qxd4 dxe4 5. Qxe4+ Qe7 6. Qxe7+ Bxe7 7. Bf4 c6
8. Nf3 Nf6 9. Bd3 O-O 10. O-O g6 11. Re1 Re8 12. Nbd2 Nbd7 13. Re2 Nc5 14. Bc2
Be6 15. Rae1 Kf8 16. Nd4 g5 17. Nxe6+ Nxe6 18. Bg3 Nh5 19. Be5 Rad8 20. Ne4 Rd5
21. Bg3 Nhf4 22. Re3 f5 23. c4 Rd4 24. Nc5 Rxc4 25. Nd7+ Kg8 26. Bb3 b5 27. Bxc4
bxc4 28. Bxf4 Nxf4 29. Rxe7 Rxe7 30. Rxe7 Nd3 31. Nf6+ Kf8 32. Rb7 a5 33. Nd7+
Ke8 34. Nb8 c5 35. Na6 Nb4 36. Nxc5 Nxa2 37. Na4 Kd8 38. Rb5 1-0

[Event "11th European Senior"]
[Site "Courmayeur ITA"]
[Date "2011.04.09"]
[Round "4.38"]
[White "Renzini, Lorenzo"]
[Black "Schiappacasse, Marcello"]
[Result "1/2-1/2"]
[WhiteElo "1747"]
[BlackElo "1896"]
[WhiteFideId "821985"]
[BlackFideId "808369"]
[EventDate "2011.04.06"]

1. c4 e5 2. Nc3 Nf6 3. e3 Nc6 4. g3 d5 5. cxd5 Nxd5 6. Bg2 Be6 7. Nge2 Be7 8.
O-O O-O 9. d4 exd4 10. Nxd4 Nxd4 11. exd4 c6 12. Ne4 Nf6 13. Nc5 Bxc5 14. dxc5
Qxd1 15. Rxd1 Rad8 16. Bf4 h6 17. Bd6 Rfe8 18. b4 Nd5 19. a3 a6 20. Re1 Nc3 21.
Re3 Nd5 22. Bxd5 Bxd5 23. Rae1 Be6 24. f4 Bd7 25. Re7 Rxe7 26. Rxe7 Bc8 27. Kf2
f6 28. Ke3 Kh7 29. Ke4 Bd7 30. f5 Re8 31. h4 Rxe7+ 32. Bxe7 h5 33. Kf4 Kg8 34.
Bd8 Kf7 35. Bc7 Bc8 1/2-1/2